El Marco jurídico de los medios electrónicos / (Record no. 129894)

MARC details
000 -LEADER
fixed length control field 00740cam a2200217 4500
005 - DATE AND TIME OF LATEST TRANSACTION
control field 20180219112118.0
008 - FIXED-LENGTH DATA ELEMENTS--GENERAL INFORMATION
fixed length control field 050125s2001 mx 000 0 spa u
020 ## - INTERNATIONAL STANDARD BOOK NUMBER
International Standard Book Number 9700729133
050 04 - LIBRARY OF CONGRESS CALL NUMBER
Classification number KGF4350
Item number O76 2001
100 1# - MAIN ENTRY--PERSONAL NAME
Personal name Orozco Gómez, Javier,
Dates associated with a name autor
245 13 - TITLE STATEMENT
Title El Marco jurídico de los medios electrónicos /
Statement of responsibility, etc Javier Orozco Gómez ; prólogo David M. Vega Vera.
250 ## - EDITION STATEMENT
Edition statement Primera edición
260 ## - PUBLICATION, DISTRIBUTION, ETC. (IMPRINT)
Place of publication, distribution, etc México :
Name of publisher, distributor, etc Porrúa,
Date of publication, distribution, etc 2001
300 ## - PHYSICAL DESCRIPTION
Extent xv, 419 páginas;
Dimensions 23 cm.
506 ## - RESTRICTIONS ON ACCESS NOTE
Terms governing access FOMES 2003
650 #7 - SUBJECT ADDED ENTRY--TOPICAL TERM
Source of heading or term lemb
Topical term or geographic name as entry element Medios de comunicación de masas
General subdivision Legislación
Geographic subdivision México
650 #7 - SUBJECT ADDED ENTRY--TOPICAL TERM
Source of heading or term lemb
Topical term or geographic name as entry element Libertad de información
General subdivision Legislación
Geographic subdivision México
700 1# - ADDED ENTRY--PERSONAL NAME
Personal name Vega Vera, David M.,
Relator term prólogo
942 ## - ADDED ENTRY ELEMENTS (KOHA)
Source of classification or shelving scheme Biblioteca del Cogreso de los Estados Unidos
Koha item type Libro
Holdings
Estado de pérdida Fuente de clasificación Estado del daño No para préstamo Ubicación permanente Ubicación actual Apartado o colección Fecha de adquisición Edición Enumeración de Serie / Cronológica Dependencia de educación superior (DES) Área del conocimiento Clasificación Código de Barras Date last seen Número de copia Tipo de recurso Fuente de adquisición
  Biblioteca del Cogreso de los Estados Unidos     Biblioteca de la Facultad de Derecho y Ciencias Sociales "Felipe J. Tena" Biblioteca de la Facultad de Derecho y Ciencias Sociales "Felipe J. Tena" General 19/02/2018 1a ed. BFD000009907 Derecho Ciencias Sociales y Administrativas KGF4350 O76 2001 BFD000009907 19/02/2018 1 Libro  
  Biblioteca del Cogreso de los Estados Unidos     Biblioteca de la Facultad de Derecho y Ciencias Sociales "Felipe J. Tena" Biblioteca de la Facultad de Derecho y Ciencias Sociales "Felipe J. Tena" General 19/02/2018 1a ed. BFD000009908 Derecho Ciencias Sociales y Administrativas KGF4350 O76 2001 BFD000009908 19/02/2018 2 Libro  
  Biblioteca del Cogreso de los Estados Unidos     Biblioteca de la Facultad de Derecho y Ciencias Sociales "Felipe J. Tena" Biblioteca de la Facultad de Derecho y Ciencias Sociales "Felipe J. Tena" General 19/02/2018 1a ed. BFD000009909 Derecho Ciencias Sociales y Administrativas KGF4350 O76 2001 BFD000009909 19/02/2018 3 Libro  
  Biblioteca del Cogreso de los Estados Unidos     Biblioteca de la Facultad de Derecho y Ciencias Sociales "Felipe J. Tena" Biblioteca de la Facultad de Derecho y Ciencias Sociales "Felipe J. Tena" General 19/02/2018 1a ed. BFD000009910 Derecho Ciencias Sociales y Administrativas KGF4350 O76 2001 BFD000009910 19/02/2018 4 Libro Dirección General de Bibliotecas Generico
  Biblioteca del Cogreso de los Estados Unidos     Biblioteca de la Facultad de Derecho y Ciencias Sociales "Felipe J. Tena" Biblioteca de la Facultad de Derecho y Ciencias Sociales "Felipe J. Tena" General 19/02/2018 1a ed. BFD000009911 Derecho Ciencias Sociales y Administrativas KGF4350 O76 2001 BFD000009911 19/02/2018 5 Libro Dirección General de Bibliotecas Generico